Bài tập cơ học

Sparad:
Bibliografiska uppgifter
Huvudupphovsman: Đỗ Sanh (Chủ biên)
Materialtyp: Bok
Publicerad: H. Nxb. Giáo dục 1996
Upplaga:In lần thứ 3 có sửa chữa
Taggar: Lägg till en tagg
Inga taggar, Lägg till första taggen!
Thư viện lưu trữ: Mạng thư viện Đại học Đà Nẵng
LEADER 00764nam a2200229 4500
001 000013267
003 9607
005 20150812150847.0
008 120313s1996 sd
100 0 |a Đỗ Sanh  |e Chủ biên 
245 0 0 |a Bài tập cơ học  |c Đõ Sanh (Ch.b), Lê Doãn Hồng 
250 |a In lần thứ 3 có sửa chữa 
260 |a H.  |b Nxb. Giáo dục  |c 1996 
774 |a Đỗ Sanh  |b Tái bản lần thứ 3 có sửa chữa  |d Giáo dục  |d H.  |d 1996  |g T.2  |h 279tr : hình vẽ  |n Thư mục: tr. 287  |t Động lực học  |w 9608 
OWN |a LSP 
999 |a From the UDN01 
TYP |a Monograph 
TYP |a Printed language 
980 |a Mạng thư viện Đại học Đà Nẵng